01150 2200565 4500001002100000005001500021035002000036008004100056245007900097250000600176260003100182300001900213020001800232022000600250024000600256084001800262082001100280650001700291863000600308990000900314990000900323990000900332990000900341990000900350990000900359990000900368990000900377990000900386990000900395990000900404990000900413990000900422990000900431990000900440990000900449990000900458990000900467990000900476990000900485990000900494990000900503990000900512990000900521990000900530990000900539990000900548990000900557990000900566990000900575INLIS00000000000131020210211014233 a0010-0221000028210211 0 ind  aPanduan guru alat permainan edukatif :bPanduan guru /cHelyantini Soetopo a1 aErlangga :bJakarta,c2013 a111hal ;c23cm a9789790998681 a0 a0 a371.36 HEL p1 a371.36 4aPanduan guru a0 a8022 a8023 a8024 a8024 a8022 a8023 a8023 a8022 a8024 a8022 a8023 a8024 a8024 a8022 a8023 a8023 a8022 a8024 a8022 a8023 a8024 a8024 a8022 a8023 a8023 a8022 a8024 a8022 a8023 a8024